00693nam a2200205Ia 4500003000900000008004100009040001600050080001600066100002700082245008600109260004700195300001500242650004100257650002500298650002800323650002200351942000700373999001500380952009200395IN-BaIIA211028s9999 xx 000 0 eng d cIIA Library a523.34bBAL aBaldwin, Ralph B92292 4aThe face of the mooncRalph B Baldwin  aChicagobUniversity of Chicago Pressc1949 axiv, 239p. aAstronomy and astrophysics thesaurus aMoon - surface92293 aMorphology - moon92294 aPlanet moon92295 cBK c1071d1071 00104070aBANbBANcGENd0000-00-00l0o523.34/ BALp1128r2021-11-05w0000-00-00yBK